| 000 | 01366nam a2200385 i 4500 | ||
|---|---|---|---|
| 001 | 768714001 | ||
| 003 | CO-MdFUSB | ||
| 005 | 20250811113800.0 | ||
| 007 | ta | ||
| 008 | 090223t2004 enka b 011 | eng | ||
| 020 | _a9780567045690 | ||
| 040 |
_aDLC _cCO-MdFUSB _dCO-MdFUSB _bspa _erda |
||
| 041 | _aeng | ||
| 082 |
_223 _a224.06 _bK14k |
||
| 245 | 1 | 0 |
_aInspired speech : _bprophecy in the ancient Near East : essays in honor of Herbert B. Huffmon _c/ Editores : John Kaltner , Louis Stulman |
| 264 | 1 |
_aNew York : _bT & T Clark, _c[2004] |
|
| 264 | 4 | _c© 2004 | |
| 300 |
_a434 páginas : _bilustraciones en blanco y negro _c; 24 cm. |
||
| 336 |
_2rdacontent _atexto _btxt |
||
| 337 |
_2rdamedia _asin mediación _bn |
||
| 338 |
_2rdacarrier _avolumen _bnc |
||
| 490 | _aT & T Clark Biblical Studies, | ||
| 505 |
_tParte 1: _aEnsayos introductorios/antecedentes |
||
| 505 |
_tParte 2: _ala profecía en la biblia hebrea y el antiguo oriente próximo |
||
| 505 |
_tParte 3: _aotros estudios |
||
| 563 | _aRústico | ||
| 630 | 0 | 7 |
_aBiblia. _xCrítica, interpretación, etc. _pAntiguo Testamento |
| 630 | 0 | 7 |
_aBiblia. _pProfetas _xCrítica, interpretación, etc. |
| 653 | _aJudaísmo -- Profecía | ||
| 700 | 1 |
_aKaltner, John, _eeditor |
|
| 700 | 1 |
_aStulman, Louis, _eeditor |
|
| 942 | _cBK | ||
| 945 | _aMag 1104 | ||
| 999 |
_c68763 _d68763 |
||